Most Guessed German Cities - Statistics

General Stats
  • This quiz has been taken 201 times
  • The average score is 13 of 20
Answer Stats
% city % Correct
100 Berlin
100%
99 München
99%
99 Hamburg
95%
96 Frankfurt am Main
92%
97 Köln
89%
92 Düsseldorf
81%
94 Stuttgart
77%
92 Dresden
75%
89 Dortmund
69%
85 Nürnberg
68%
88 Leipzig
67%
92 Bremen
66%
89 Hannover
66%
83 Essen
64%
75 Bonn
53%
84 Kiel
40%
79 Mainz
37%
77 Potsdam
33%
73 Rostock
29%
72 Saarbrücken
19%
No matching quizzes found
Score Distribution
Percent of People with Each Score
Percentile by Number Answered
Your Score History
You have not taken this quiz